000 00452nam a22001817a 4500
003 CEME
005 20210628202346.0
008 210120b xxu||||| |||| 00| 0 eng d
020 _a0-07-112760-7
040 _cceme
082 _a006.454 PEL
100 _aPelton , Gordon . E
_959542
245 _aVoice processing
260 _aNEW YORK
_bMCGRAW HILL
_c1993
300 _aXV,396P
650 _aSPEECH PROCESSING SYSTEM.
_959543
942 _cBK
_2ddc
999 _c569495
_d569495